LEADER 05604nam 2201117Ia 450 001 9910783669203321 005 20210608020556.0 010 $a1-282-35899-5 010 $a1-4237-8961-X 010 $a9786612358999 010 $a0-520-93266-8 010 $a1-60129-387-9 024 7 $a10.1525/9780520932661 035 $a(CKB)1000000000246821 035 $a(EBL)265554 035 $a(OCoLC)475990183 035 $a(SSID)ssj0000114543 035 $a(PQKBManifestationID)11117248 035 $a(PQKBTitleCode)TC0000114543 035 $a(PQKBWorkID)10124575 035 $a(PQKB)10404567 035 $a(StDuBDS)EDZ0000056044 035 $a(OCoLC)647502882 035 $a(MiAaPQ)EBC265554 035 $a(OCoLC)70700522 035 $a(MdBmJHUP)muse30723 035 $a(DE-B1597)518968 035 $a(DE-B1597)9780520932661 035 $a(Au-PeEL)EBL265554 035 $a(CaPaEBR)ebr10129008 035 $a(CaONFJC)MIL235899 035 $a(EXLCZ)991000000000246821 100 $a20050810d2006 ub 0 101 0 $aeng 135 $aurnn#---|u||u 181 $ctxt 182 $cc 183 $acr 200 10$aBreaking through$b[electronic resource] $eessays, journals, and travelogues of Edward F. Ricketts /$fedited by Katharine A. Rodger ; foreword by Susan F. Beegel 210 $aBerkeley $cUniversity of California Press$dc2006 215 $a1 online resource (369 p.) 300 $aDescription based upon print version of record. 311 0 $a0-520-24704-3 320 $aIncludes bibliographical references (p. 341-345) and index. 327 $tFront matter --$tContents --$tIllustrations --$tAcknowledgments --$tForeword --$tEditor's Note --$tIntroduction --$t1. Foreword to the 1925 Pacific Biological Laboratories Catalog --$t2. "Zoological Introduction" to Between Pacific Tides --$t3. "The Philosophy of 'Breaking Through'" --$t4. "A Spiritual Morphology of Poetry" --$t5. "Essay on Non-teleological Thinking" --$t6. "Verbatim Transcription of Notes of Gulf of California Trip, March-April 1940" --$t7. "Thesis and Materials for a Script on Mexico" --$t8. "Outline and Conspectus" for a Book on the Mandated Islands --$t9. "Transcript of Summer 1945 and 1946 Notes Based on Trips to the Outer Shores, West Coast of Vancouver Island, Queen Charlotte Islands, and So On" --$t10. "Investigator Blames Industry, Nature for Shortage" --$tEpilogue --$tLiving at the Lab with My Father --$tEarly Days: Nicknames and Such --$tWorks Cited --$tIndex 330 $aTrailblazing marine biologist, visionary conservationist, deep ecology philosopher, Edward F. Ricketts (1897-1948) has reached legendary status in the California mythos. A true polymath and a thinker ahead of his time, Ricketts was a scientist who worked in passionate collaboration with many of his friends-artists, writers, and influential intellectual figures-including, perhaps most famously, John Steinbeck, who once said that Ricketts's mind "had no horizons." This unprecedented collection, featuring previously unpublished pieces as well as others available for the first time in their original form, reflects the wide scope of Ricketts's scientific, philosophical, and literary interests during the years he lived and worked on Cannery Row in Monterey, California. These writings, which together illuminate the evolution of Ricketts's unique, holistic approach to science, include "Verbatim transcription of notes on the Gulf of California trip," the basic manuscript for Steinbeck's and Ricketts's Log from the Sea of Cortez; the essays "The Philosophy of Breaking Through" and "A Spiritual Morphology of Poetry;" several shorter pieces on topics including collecting invertebrates and the impact of modernization on Mexican village life; and more. An engaging critical biography and a number of rare photographs offer a new and richly detailed view of Ricketts's life. 606 $aMarine invertebrates$zPacific Coast (U.S.) 606 $aMarine invertebrates$zMexico$zCalifornia, Gulf of 606 $aTeleology 607 $aPacific Coast (U.S.)$xDescription and travel 607 $aCalifornia, Gulf of (Mexico)$xDescription and travel 610 $aa spiritual morphology of poetry. 610 $abiography. 610 $acalifornia. 610 $acannery row. 610 $aconservation. 610 $aearth sciences. 610 $aecology. 610 $aedward ricketts. 610 $aenvironment. 610 $aenvironmentalism. 610 $agulf of california. 610 $ainvertebrates. 610 $alog from the sea of cortez. 610 $amarine biology. 610 $amexican village. 610 $amexico. 610 $amonterey. 610 $anatural history. 610 $anatural world. 610 $anaturalism. 610 $anaturalist. 610 $anature. 610 $anonfiction. 610 $aoceanography. 610 $ascience. 610 $asteinbeck. 610 $athe philosophy of breaking through. 610 $atravel writing. 610 $atravel. 610 $atravelogue. 610 $avillage. 610 $awildlife. 615 0$aMarine invertebrates 615 0$aMarine invertebrates 615 0$aTeleology. 676 $a578.77/092 700 $aRicketts$b Edward Flanders$f1897-1948.$01577536 701 $aRodger$b Katharine A$g(Katharine Anne),$f1974-$01577537 801 0$bMiAaPQ 801 1$bMiAaPQ 801 2$bMiAaPQ 906 $aBOOK 912 $a9910783669203321 996 $aBreaking through$93860644 997 $aUNINA LEADER 03235oas 2201297 a 450 001 9910146486503321 005 20260127110541.0 011 $a1600-0463 035 $a(DE-599)ZDB2098213-6 035 $a(OCoLC)50102628 035 $a(CONSER) 2004233682 035 $a(CKB)954925562604 035 $a(DE-599)2098213-6 035 $a(EXLCZ)99954925562604 100 $a20020702a19889999 sy a 101 0 $aeng 135 $aurmnu|||||||| 181 $ctxt$2rdacontent 182 $cc$2rdamedia 183 $acr$2rdacarrier 200 10$aAPMIS 210 $a[Copenhagen $cMunksgaard$d©1988]- 210 3 $a[Oxford $cBlackwell] 210 3 $aOxford $cJohn Wiley & Sons Ltd 300 $aRefereed/Peer-reviewed 311 08$a0903-4641 517 3 $aActa pathologica, microbiologica et immunologica Scandinavica 517 1 $aAPMIS :$ejournal of pathology, microbiology and immunology 517 1 $aJournal of pathology, microbiology and immunology 517 1 $aAPMIS journal 531 0 $aAPMIS 606 $aPathology$vPeriodicals 606 $aMicrobiology$vPeriodicals 606 $aImmunology$vPeriodicals 606 $aMicrobiology 606 $aPathology 606 $aAllergy and Immunology 606 $aPathologie$vPe?riodiques 606 $aMicrobiologie$vPe?riodiques 606 $aImmunologie$vPe?riodiques 606 $aImmunology$2fast$3(OCoLC)fst00968006 606 $aMicrobiology$2fast$3(OCoLC)fst01019576 606 $aPathology$2fast$3(OCoLC)fst01054964 606 $aPatologia$2thub 606 $aMicrobiologia$2thub 606 $aImmunologia$2thub 608 $aPeriodicals.$2fast 608 $aPeriodicals.$2lcgft 608 $aRevistes electròniques.$2thub 615 0$aPathology 615 0$aMicrobiology 615 0$aImmunology 615 2$aMicrobiology. 615 2$aPathology. 615 2$aAllergy and Immunology. 615 6$aPathologie 615 6$aMicrobiologie 615 6$aImmunologie 615 7$aImmunology. 615 7$aMicrobiology. 615 7$aPathology. 615 7$aPatologia. 615 7$aMicrobiologia. 615 7$aImmunologia. 676 $a616 676 $a571.9 712 02$aScandinavian Societies for Medical Microbiology and Pathology, 801 0$bINT 801 1$bINT 801 2$bOCLCQ 801 2$bGUA 801 2$bPIT 801 2$bF#A 801 2$bMUQ 801 2$bVRC 801 2$bOCLCQ 801 2$bDLC 801 2$bOCLCF 801 2$bNLGGC 801 2$bOCLCQ 801 2$bZ5A 801 2$bOCLCO 801 2$bOCLCA 801 2$bBUF 801 2$bOCLCO 801 2$bOCLCQ 801 2$bEZC 801 2$bOCLCO 801 2$bU3W 801 2$bOCLCO 801 2$bAU@ 801 2$bWYU 801 2$bVT2 801 2$bOCLCO 801 2$bOCLCQ 801 2$bOCLCO 801 2$bNJT 801 2$bOCLCA 801 2$bUBY 801 2$bOCLCO 801 2$bDLC 801 2$bOCLCQ 801 2$bJ9U 801 2$bUAB 801 2$bSFB 801 2$bOCLCL 801 2$bOCLCQ 906 $aJOURNAL 912 $a9910146486503321 996 $aAPMIS$92047632 997 $aUNINA